000 00641nam a2200229Ia 4500
003 OSt
005 20220928113704.0
006 a|||||r|||| 00| 0
007 ta
008 220927b |||||||| |||| 00| 0 eng d
024 _a44660
037 _cTextual
040 _aSDCL
_cSDCL
_beng
041 _2eng
_aeng
082 _aV273(Q7):51'N3, M7
100 _aImam Mazuffar
_9434518
245 0 _aRole of Muslims in the national movement (1912-1930)
260 _aDelhi
_bMittal Publications
_c1987
300 _avii,306p
_ccm.
942 _hV273(Q7):51'N3, M7
_cTEXL
_2CC
999 _c750842
_d750842